000 00520nam a22001577a 4500
008 160603b xxu||||| |||| 00| 0 eng d
020 _a9712709558
082 _22000
_aDFil 899.211092
_bM31
100 _99898
_aManlapaz, Edna Z.
245 _aAustregelina:
_bA story of Lina Espina Moore's life and selected works/
_cEdna Z. Manlapaz
260 _aPasig City:
_bAnvil Publishing, Inc.,
_cc2000.
300 _aix, 176 pages:
_c23.5 cm.
650 0 _99900
_aMoore, Lina Espina
650 0 _99902
_aFiction
942 _2ddc
_cDFIL
999 _c2970
_d2970